000 00637nam a2200193Ia 4500
005 20250508152845.0
008 008 250505s9999 xx 000 0 eng d
037 _aTextual
040 _aFEDL
_beng
_cFEDL
041 _aeng
_2eng
084 _a181.4, GOV
_qFEDL
100 _aLama Anagarika Govinda
_9762585
245 0 _aPsychological attitude of early buddhist philosophy and its systematic representation according to abhidhamma tradition
260 _aLondon, UK
_bRider and Company
_c1961
300 _a191p.
650 _aOriental Philosophy
_9755543
942 _cTEXL
_h181.4, GOV
999 _c1339233
_d1339233